Balanced scorecard strategický systém měření výkonnosti podniku
Salvato in:
| Autore principale: | |
|---|---|
| Altri autori: | , |
| Natura: | Libro |
| Lingua: | ceco |
| Pubblicazione: |
Praha
MANAGEMENT PRESS
2000
|
| Soggetti: | |
| Tags: |
Nessun Tag, puoi essere il primo ad aggiungerne!!
|
MARC
| LEADER | 00000nam a2200000 4500 | ||
|---|---|---|---|
| 001 | c123276 | ||
| 005 | 20240104114524.9 | ||
| 020 | |a 80-7261-032-5 | ||
| 041 | 0 | |a cze | |
| 044 | |a CZ | ||
| 245 | 1 | 0 | |a Balanced scorecard |b strategický systém měření výkonnosti podniku |c Robert S. Kaplan, David P. Norton ; [z angl. orig. ... přel. Marek Šusta] |
| 264 | 1 | |a Praha |b MANAGEMENT PRESS |c 2000 | |
| 300 | |a 267 s. |e 1 CD-ROM | ||
| 610 | 2 | 0 | |a výkonnosť |
| 610 | 2 | 0 | |a meranie práce |
| 610 | 2 | 0 | |a meranie produktivity práce |
| 610 | 2 | 0 | |a metóda BSC |
| 610 | 2 | 0 | |a stratégia podniková |
| 610 | 2 | 0 | |a segmentácia trhu |
| 610 | 2 | 0 | |a meranie času |
| 610 | 2 | 0 | |a schopnosti pracovné |
| 610 | 2 | 0 | |a rekvalifikácia |
| 610 | 2 | 0 | |a riadenie strategické |
| 610 | 2 | 0 | |a väzba spätná |
| 610 | 2 | 0 | |a manažerizmus |
| 610 | 2 | 0 | |a manažment strategický |
| 100 | 1 | |a Kaplan, Robert S. | |
| 700 | 1 | |a Norton, David P. | |
| 700 | 1 | |a Šusta, Marek | |